书目信息 |
| 题名: |
初中英语拓展阅读
|
|
| 作者: | 俞敏洪 主编 | |
| 分册: | 初一 | |
| 出版信息: | 杭州 浙江教育出版社 2020.01 |
|
| 页数: | 217页 | |
| 开本: | 26cm | |
| 丛书名: | ||
| 单 册: | ||
| 中图分类: | G633.413 | |
| 科图分类: | ||
| 主题词: | 英语--阅读教学--初中--教学参考资料 | |
| 电子资源: | ||
| ISBN: | 978-7-5722-0061-8 | |
| 000 | 00824nam0 2200241 450 | |
| 001 | 012001003005 | |
| 005 | 20140203114340.0 | |
| 010 | @a978-7-5722-0061-8@dCNY55.00 | |
| 100 | @a20220905d2020 em y0chiy50 ea | |
| 101 | 0 | @achi@aeng |
| 102 | @aCN@b330000 | |
| 105 | @aa z 000yy | |
| 106 | @ar | |
| 200 | 1 | @a初中英语拓展阅读@Achu zhong ying yu tuo zhan yue du@i初一@f俞敏洪主编 |
| 210 | @a杭州@c浙江教育出版社@d2020.01 | |
| 215 | @a217页@c彩照@d26cm | |
| 300 | @a新东方大愚文化 | |
| 330 | @a本书文化和教育、社会、科学、科技与生活四部分,具体内容包括:校园生活、旅行和文化、艺术、趣闻、自然和环境、生命科学、生物、运动等。 | |
| 606 | 0 | @a英语@x阅读教学@x初中@j教学参考资料 |
| 690 | @aG633.413@v5 | |
| 701 | 0 | @a俞敏洪@Ayu min hong@4主编 |
| 801 | 0 | @aCN@bAHXH@c20221111 |
| 905 | @b1375527-31@dG633.413@e1044@f5 | |
| 初中英语拓展阅读.初一/俞敏洪主编.-杭州:浙江教育出版社,2020.01 |
| 217页:彩照;26cm |
| 新东方大愚文化 |
| ISBN 978-7-5722-0061-8:CNY55.00 |
| 本书文化和教育、社会、科学、科技与生活四部分,具体内容包括:校园生活、旅行和文化、艺术、趣闻、自然和环境、生命科学、生物、运动等。 |
| ● |
| 相关链接 |
|
|
|
|
正题名:初中英语拓展阅读
索取号:G633.413/1044
 
预约/预借
| 序号 | 登录号 | 条形码 | 馆藏地/架位号 | 状态 | 备注 |
| 1 | 1375527 | 213755275 | 第一样本阅览室/ [索取号:G633.413/1044] | 在馆 | |
| 2 | 1375528 | 213755284 | 教育系资料室/ [索取号:G633.413/1044] | 在馆 | |
| 3 | 1375529 | 213755293 | 教育系资料室/ [索取号:G633.413/1044] | 在馆 | |
| 4 | 1375530 | 213755300 | 第四借阅区/ [索取号:G633.413/1044] | 在馆 | |
| 5 | 1375531 | 213755319 | 第四借阅区/ [索取号:G633.413/1044] | 在馆 |